Efektívna daňová kontrola
Kontrolu daní robí obec (mesto), daňový úrad a colný úrad. Tri hlavné podmienky fungujúcej kontroly. Náročný plán daňového inkasa splnený za viac rokov. Výčitky voči daňovej kontrole. Kontrolu rôzne vníma kontrolór a kontrolovaný. Najvyššia účinnosť kontroly sa dosiahne kombináciou kontroly priebežn...
Salvato in:
| Autore principale: | |
|---|---|
| Natura: | Capitolo di libro |
| Lingua: | slovacco |
| Soggetti: | |
| Tags: |
Nessun Tag, puoi essere il primo ad aggiungerne!!
|
MARC
| LEADER | 00000naa$a2200000$$$4500 | ||
|---|---|---|---|
| 001 | 0057000 | ||
| 005 | 20231013071501.5 | ||
| 041 | 0 | |a slo | |
| 044 | |a SK | ||
| 245 | 1 | 0 | |a Efektívna daňová kontrola |c Emil Burák |
| 520 | |a Kontrolu daní robí obec (mesto), daňový úrad a colný úrad. Tri hlavné podmienky fungujúcej kontroly. Náročný plán daňového inkasa splnený za viac rokov. Výčitky voči daňovej kontrole. Kontrolu rôzne vníma kontrolór a kontrolovaný. Najvyššia účinnosť kontroly sa dosiahne kombináciou kontroly priebežnej a kontroly po skončení procesu. Pozitíva a negatíva kontroly na Slovensku. | ||
| 610 | 2 | 0 | |a kontrola daňová |
| 610 | 2 | 0 | |a efektívnosť |
| 610 | 2 | 0 | |a kontrolóri |
| 610 | 2 | 0 | |a Slovensko |
| 100 | 1 | |a Burák, Emil | |